Noms français des villes européennes - Statistiques

Statistiques générales
  • Ce quiz a été pris 238 fois
  • Le résultat moyen est 15 sur 24
Statistiques - réponses
Nom original Traduction française % Correct
München Munich
98%
Torino Turin
96%
Lisboa Lisbonne
95%
Granada Grenade
94%
Brugge Bruges
93%
Bilbo Bilbao
89%
Köln Cologne
89%
Firenze Florence
78%
Basel Bâle
77%
Zaragoza Saragosse
77%
Genova Gênes
76%
Luzern Lucerne
67%
Antwerpen Anvers
65%
Córdoba Cordoue
64%
Pamplona/Iruña Pampelune
59%
Mainz Mayence
56%
Padova Padoue
54%
Gent Gand
52%
Den Haag La Haye
45%
Aachen Aix-la-Chapelle
38%
Lëtzebuerg Luxembourg
37%
Trier Trêves
22%
Braunschweig Brunswick
15%
s-Hertogenbosch Bois-le-Duc
9%
Aucun quiz correspondant
Distribution des résultats
% des personnes avec chaque résultat
Percentile par nombre de réponses
Votre historique - résultats
Vous n’avez pas pris ce quiz